[Event "Rated Blitz tournament 4Y2LnqyI"]
[Site "?"]
[Date "2021.10.24"]
[Round "?"]
[White "Quesigaelquepase"]
[Black "matanant"]
[Result "1-0"]
[WhiteElo "2405"]
[BlackElo "2214"]
[PlyCount "83"]
[EventDate "2021.??.??"]
[EventType "blitz"]

1. e4 e5 2. Nf3 d5 3. exd5 e4 4. Nd4 Qxd5 5. Nb3 Nf6 6. Nc3 Qe5 7. Qe2 a6 8. d4
Qf5 9. Be3 Bd6 10. h3 O-O 11. g4 Qe6 12. O-O-O Nd5 13. Nxd5 Qxd5 14. c4 Qe6 15.
Bg2 Re8 16. d5 Qe7 17. c5 Be5 18. Bxe4 Bxb2+ 19. Kxb2 Qxe4 20. Qd3 Nd7 21. Rhe1
Qxd3 22. Rxd3 Ne5 23. Rdd1 Nc4+ 24. Kc3 Nxe3 25. Rxe3 Bd7 26. Rde1 Kf8 27. Kd4
f5 28. f3 Rxe3 29. Rxe3 fxg4 30. fxg4 Re8 31. Rxe8+ Bxe8 32. Ke5 Ke7 33. Nd4 g6
34. h4 Bd7 35. g5 Bh3 36. a3 b5 37. Nc6+ Ke8 38. Kf6 Bg2 39. Ke5 Bf1 40. d6
cxd6+ 41. cxd6 Bg2 42. Nd4 {Time forfeit} 1-0

[Event "Rated Blitz game"]
[Site "?"]
[Date "2021.10.24"]
[Round "?"]
[White "MarkusMaischberger"]
[Black "Annali-annaliew1979"]
[Result "1/2-1/2"]
[WhiteElo "2586"]
[BlackElo "2429"]
[PlyCount "196"]
[EventDate "2021.??.??"]
[EventType "blitz"]

1. e4 e5 2. Nf3 d5 3. Nxe5 Qe7 4. d4 f6 5. Ng4 Nc6 6. c3 Bf5 7. Nd2 Bxe4 8.
Nxe4 Qxe4+ 9. Qe2 O-O-O 10. Qxe4 dxe4 11. Bc4 Kb8 12. Bf4 f5 13. Ne3 Nge7 14.
O-O-O h6 15. h4 Ng6 16. Bh2 f4 17. Nf5 Nce7 18. Nxe7 Bxe7 19. h5 Nh4 20. Bxf4
Nxg2 21. Bd2 Nh4 22. Rhg1 Bf6 23. Rg4 Nf3 24. Rxe4 Nxd2 25. Kxd2 Bg5+ 26. Ke2
Rhf8 27. f3 a6 28. a4 c6 29. d5 cxd5 30. Rxd5 Rxd5 31. Bxd5 Rd8 32. c4 Kc7 33.
b4 b5 34. Re6 bxc4 35. Bxc4 Rd2+ 36. Ke1 Rd4 37. Bxa6 Rxb4 38. Bb5 Rh4 39. a5
Rxh5 40. Bd3 Bh4+ 41. Ke2 Rxa5 42. Rg6 Bf6 43. Rg4 Ra2+ 44. Ke3 Kd6 45. Rb4 h5
46. Ke4 h4 47. f4 h3 48. Rb1 h2 49. Rh1 Ra4+ 50. Kf3 Ra2 51. Be2 Ke6 52. Rxh2
Ra3+ 53. Kg4 Rc3 54. Bf3 Rc4 55. Re2+ Kd6 56. Be4 Rd4 57. Kf5 Kc5 58. Re3 Kd6
59. Rd3 Rxd3 60. Bxd3 Kc5 61. Be4 Kd4 62. Bf3 Ke3 63. Bh5 Bd8 64. Bg6 Bc7 65.
Bh7 Bxf4 66. Bg6 Kd4 67. Bh7 Be5 68. Bg6 Bf6 69. Kg4 Ke5 70. Bh5 g5 71. Be8 Be7
72. Bh5 Ke4 73. Bg6+ Ke3 74. Bh5 Bf6 75. Bg6 Be7 76. Bh7 Bf6 77. Bg8 Be7 78.
Bf7 Bd8 79. Be6 Be7 80. Bf5 Bd8 81. Be4 Be7 82. Bf5 Bd8 83. Kh5 Be7 84. Kg6 Bd8
85. Kf7 Be7 86. Ke8 g4 87. Kf7 g3 88. Kg6 g2 89. Kf7 g1=Q 90. Kxe7 Qg5+ 91. Kf7
Qf4 92. Kf8 Kd4 93. Ke8 Ke5 94. Kf7 Qxf5+ 95. Kg7 Qe6 96. Kh8 Kf5 97. Kh7 Kg5
98. Kh8 Kg6 {Normal} 1/2-1/2

[Event "Rated Blitz game"]
[Site "?"]
[Date "2021.10.24"]
[Round "?"]
[White "Nadigraj"]
[Black "Polyclinical"]
[Result "0-1"]
[WhiteElo "2728"]
[BlackElo "2824"]
[PlyCount "108"]
[EventDate "2021.??.??"]
[EventType "blitz"]

1. e4 e5 2. Nf3 d5 3. exd5 e4 4. Qe2 Qe7 5. Nd4 Nf6 6. Nc3 Qe5 7. Nf3 Qe7 8.
Ng5 Bf5 9. d3 exd3 10. cxd3 Na6 11. Qxe7+ Bxe7 12. Be2 Nb4 13. O-O O-O 14. Rd1
Rad8 15. Nge4 Nfxd5 16. Nxd5 Rxd5 17. a3 Nc2 18. Rb1 Nd4 19. Kf1 Rfd8 20. f3
Nxe2 21. Kxe2 Bd7 22. Be3 Bb5 23. Nc3 Bxd3+ 24. Kf2 R5d7 25. Rbc1 b6 26. Rd2 c5
27. Rcd1 c4 28. Nb5 Bh4+ 29. g3 Bf6 30. a4 h5 31. h4 Be7 32. Nxa7 Bb4 33. Bxb6
Rb8 34. a5 Bxd2 35. Rxd2 Re8 36. Nb5 Re5 37. Nc3 Re6 38. Na4 Rde7 39. Nc3 Re8
40. b4 Re1 41. b5 Rf1+ 42. Kg2 Rc1 43. Nd5 Rb1 44. Nc7 Rb8 45. Bd4 c3 46. Rxd3
c2 47. Be3 Re1 48. Rc3 Rxe3 49. Rxc2 Ra3 50. a6 Rc8 51. Rc5 Rb8 52. g4 Ra2+ 53.
Kg3 hxg4 54. Kxg4 Ra4+ {Time forfeit} 0-1

[Event "Rated Blitz game"]
[Site "?"]
[Date "2021.10.24"]
[Round "?"]
[White "historicodeatleta"]
[Black "Annali-annaliew1979"]
[Result "0-1"]
[WhiteElo "2477"]
[BlackElo "2443"]
[PlyCount "116"]
[EventDate "2021.??.??"]
[EventType "blitz"]

1. e4 e5 2. Nf3 d5 3. exd5 e4 4. Ne5 Bd6 5. d4 Nf6 6. Nc3 h6 7. Bb5+ Nbd7 8.
O-O O-O 9. Nxd7 Nxd7 10. Nxe4 Bxh2+ 11. Kxh2 Qh4+ 12. Kg1 Qxe4 13. c4 Nf6 14.
Re1 Qh4 15. Qf3 Qxd4 16. Bf4 a6 17. Be5 Qh4 18. Bxf6 gxf6 19. Ba4 Qxc4 20. Re4
Qc5 21. Rd1 f5 22. Qg3+ Kh8 23. Rh4 Qd6 24. Qxd6 cxd6 25. Rxh6+ Kg7 26. Rxd6 b5
27. Bc2 Re8 28. Kf1 a5 29. Bd3 b4 30. Re1 Rxe1+ 31. Kxe1 f4 32. Rd8 Bb7 33.
Rxa8 Bxa8 34. Be4 Kf6 35. Ke2 Ke5 36. Kd3 Bb7 37. Bf3 Ba6+ 38. Kd2 f5 39. a3
Bc4 40. axb4 axb4 41. Kc2 Bxd5 42. Bxd5 Kxd5 43. Kd3 Kc5 44. b3 Kd5 45. f3 Kc5
46. Ke2 Kd4 47. Kd2 Ke5 48. Kd3 Kd5 49. Ke2 Kc6 50. Kd2 Kc5 51. Kd3 Kd5 52. Ke2
Ke5 53. Kd2 Kf6 54. Kd3 Kg5 55. Kc4 Kh4 56. Kxb4 Kg3 57. Kc5 Kxg2 58. b4 Kf2 {
Time forfeit} 0-1

[Event "Rated Blitz game"]
[Site "?"]
[Date "2021.10.24"]
[Round "?"]
[White "aboveandbelow"]
[Black "Polyclinical"]
[Result "0-1"]
[WhiteElo "2770"]
[BlackElo "2837"]
[PlyCount "80"]
[EventDate "2021.??.??"]
[EventType "blitz"]

1. e4 e5 2. Nf3 d5 3. exd5 e4 4. Nd4 Nf6 5. Nc3 c6 6. d3 Bb4 7. Be2 Nxd5 8. Bd2
Bc5 9. Nb3 Bxf2+ 10. Kxf2 Qf6+ 11. Kg1 e3 12. Be1 O-O 13. Bf3 Nf4 14. Ne4 Qh6
15. Qc1 f5 16. Nc3 Nd7 17. Bg3 Ng6 18. d4 f4 19. Be1 Nf6 20. h3 Bf5 21. Nc5 Rf7
22. d5 Ne5 23. Qd1 Rd8 24. d6 Nxf3+ 25. Qxf3 Rxd6 26. Rd1 Rxd1 27. Qxd1 g5 28.
g3 Qf8 29. Nd3 Qd6 30. h4 Bg4 31. Qc1 Bf3 32. Rh2 fxg3 33. Rh3 g4 34. Bxg3 Qe7
35. Rh2 Nh5 36. Qe1 e2 37. Ne5 Nxg3 38. Qxg3 Qc5+ 39. Rf2 e1=Q+ 40. Kh2 Qh1# {
Normal} 0-1

[Event "Rated Blitz game"]
[Site "?"]
[Date "2021.10.24"]
[Round "?"]
[White "Dosik78"]
[Black "Balamut4yk"]
[Result "0-1"]
[WhiteElo "2416"]
[BlackElo "2442"]
[PlyCount "35"]
[EventDate "2021.??.??"]
[EventType "blitz"]

1. e4 e5 2. Nf3 d5 3. Nc3 dxe4 4. Nxe4 f5 5. Ng3 e4 6. Ng1 Nf6 7. d3 Nc6 8. Bg5
h6 9. Bxf6 Qxf6 10. dxe4 Qxb2 11. Bd3 Bb4+ 12. Kf1 fxe4 13. Qh5+ Kf8 14. Rd1
exd3 15. Rxd3 Be6 16. Nh3 Bc4 17. Qf5+ Qf6 18. Qb5 {Normal} 0-1

[Event "Rated Blitz game"]
[Site "?"]
[Date "2021.10.24"]
[Round "?"]
[White "MKants5"]
[Black "Annali-annaliew1979"]
[Result "1-0"]
[WhiteElo "2426"]
[BlackElo "2433"]
[PlyCount "63"]
[EventDate "2021.??.??"]
[EventType "blitz"]

1. e4 e5 2. Nf3 d5 3. Nxe5 Qe7 4. d4 f6 5. Qh5+ g6 6. Nxg6 Qxe4+ 7. Be3 Qxg6 8.
Qd1 Ne7 9. Be2 Bf5 10. Bh5 Nbc6 11. Bxg6+ hxg6 12. c3 g5 13. Nd2 O-O-O 14. Nb3
Ng6 15. Qf3 Nh4 16. Qe2 Nxg2+ 17. Kd2 Re8 18. h4 Nf4 19. Qf3 Be4 20. Qg4+ f5
21. Qxg5 Bh6 22. Qf6 Bxh1 23. Qxf5+ Kb8 24. Bxf4 Be4 25. Qg4 Reg8 26. Bg5 Bxg5+
27. hxg5 Rh2 28. Rf1 Rg2 29. Qh4 R2xg5 30. Kc1 Bd3 31. Re1 Bc4 32. Qxg5 {Normal
} 1-0

[Event "Rated Blitz game"]
[Site "?"]
[Date "2021.10.24"]
[Round "?"]
[White "arg67"]
[Black "Lobo19"]
[Result "0-1"]
[WhiteElo "2433"]
[BlackElo "2422"]
[PlyCount "26"]
[EventDate "2021.??.??"]
[EventType "blitz"]

1. e4 e5 2. Nf3 d5 3. Nc3 d4 4. Ne2 Bd6 5. Ng3 Ne7 6. Bc4 O-O 7. d3 Nbc6 8. a3
Kh8 9. Nh4 Be6 10. Bb5 a6 11. Bxc6 bxc6 12. Qh5 g6 13. Qh6 Ng8 {Normal} 0-1

[Event "Rated Blitz tournament MzO0SPtm"]
[Site "?"]
[Date "2021.10.24"]
[Round "?"]
[White "abrito99"]
[Black "Frutek"]
[Result "1-0"]
[WhiteElo "2547"]
[BlackElo "2447"]
[PlyCount "89"]
[EventDate "2021.??.??"]
[EventType "blitz"]

1. e4 e5 2. Nf3 d5 3. Nxe5 Bd6 4. d4 dxe4 5. Nc4 Nf6 6. Nxd6+ Qxd6 7. Be2 O-O
8. Be3 Re8 9. h3 Nc6 10. c3 Bf5 11. Nd2 a6 12. Nc4 Qd7 13. a4 Be6 14. a5 Nd5
15. Bd2 f5 16. g3 Rf8 17. Ne3 Rae8 18. Nxd5 Bxd5 19. Be3 f4 20. gxf4 Ne7 21. c4
Bf7 22. d5 Nf5 23. Qd2 c6 24. dxc6 Qxc6 25. Qc3 Rd8 26. b3 Rfe8 27. Rd1 Rxd1+
28. Bxd1 Rd8 29. Bc2 Bh5 30. Rg1 Bf3 31. Rg5 g6 32. Qe5 Qd7 33. Qd5+ Qxd5 34.
cxd5 Rxd5 35. h4 Kf7 36. h5 Rxa5 37. hxg6+ hxg6 38. Kd2 Ra2 39. Kc3 b5 40. b4
Ra3+ 41. Kd2 a5 42. bxa5 Rxa5 43. Kc3 Ra2 44. Bb3+ Kf6 45. Bxa2 {Normal} 1-0

[Event "Rated Blitz game"]
[Site "?"]
[Date "2021.10.24"]
[Round "?"]
[White "qkxwsm"]
[Black "barry-allen"]
[Result "1-0"]
[WhiteElo "2420"]
[BlackElo "2336"]
[PlyCount "91"]
[EventDate "2021.??.??"]
[EventType "blitz"]

1. e4 e5 2. Nf3 d5 3. exd5 e4 4. Qe2 Nf6 5. Nc3 Be7 6. Nxe4 O-O 7. Nxf6+ Bxf6
8. d4 Qxd5 9. Be3 Nc6 10. Qc4 Qd6 11. O-O-O Bf5 12. Bd3 Bg4 13. a3 Rad8 14. d5
Bxf3 15. gxf3 Ne5 16. Qe4 Nxd3+ 17. Rxd3 Rfe8 18. Qf4 Be5 19. Qg4 Qf6 20. c3 c6
21. Bg5 Qg6 22. Rhd1 f6 23. Be3 Qxg4 24. fxg4 cxd5 25. Rxd5 Rxd5 26. Rxd5 Bxh2
27. Bxa7 Be5 28. Rd7 b5 29. Rb7 Bf4+ 30. Kb1 Re1+ 31. Ka2 Re2 32. Rxb5 Be5 33.
a4 Bxc3 34. a5 Re5 35. Rb8+ Kf7 36. Rb7+ Kg6 37. bxc3 Rxa5+ 38. Kb3 Ra1 39. Kc2
Ra2+ 40. Kd3 h5 41. gxh5+ Kxh5 42. Rxg7 f5 43. Re7 Kg5 44. Be3+ Kg4 45. Rg7+
Kf3 46. Rg3# {Normal} 1-0

[Event "Rated Blitz game"]
[Site "?"]
[Date "2021.10.24"]
[Round "?"]
[White "ibicenco"]
[Black "chesswhite1990"]
[Result "0-1"]
[WhiteElo "2400"]
[BlackElo "2346"]
[PlyCount "118"]
[EventDate "2021.??.??"]
[EventType "blitz"]

1. e4 e5 2. Nf3 d5 3. exd5 e4 4. Nd4 Qxd5 5. Nb3 Nf6 6. Nc3 Qd8 7. Bc4 Nc6 8.
O-O Be7 9. Re1 Bf5 10. d3 exd3 11. Bxd3 Bxd3 12. Qxd3 Qxd3 13. cxd3 O-O-O 14.
Bg5 Rxd3 15. Rac1 Bb4 16. Bxf6 gxf6 17. a3 Bxc3 18. Rxc3 Rxc3 19. bxc3 Rd8 20.
g3 Rd3 21. Re8+ Kd7 22. Rh8 Rxc3 23. Nd2 Rxa3 24. Rxh7 b5 25. Rxf7+ Kd6 26.
Rxf6+ Kc5 27. h4 b4 28. h5 Rd3 29. Ne4+ Kd5 30. h6 Kxe4 31. h7 Rd8 32. Rxc6 Rb8
33. Rg6 Rh8 34. Rg4+ Kf3 35. Rxb4 Rxh7 36. Rb3+ Ke4 37. Ra3 c5 38. Kg2 c4 39.
g4 Kd4 40. g5 c3 41. Kg3 c2 42. Ra1 Rc7 43. Rc1 Ke5 44. Kg4 Rc4+ 45. Kh5 Kf5
46. g6 Kf6 47. f4 Rc5+ 48. Kh6 Rc3 49. Kh5 a5 50. f5 a4 51. g7 Kxg7 52. Kg5 a3
53. f6+ Kf7 54. Kf5 a2 55. Rh1 c1=Q 56. Rh7+ Kg8 57. Rg7+ Kf8 58. Rg5 Rc5+ 59.
Kg6 Rxg5+ {Time forfeit} 0-1

[Event "Rated Blitz tournament f0pVPZ6w"]
[Site "?"]
[Date "2021.10.24"]
[Round "?"]
[White "hopfrog64"]
[Black "Bagvagen5GM"]
[Result "0-1"]
[WhiteElo "2316"]
[BlackElo "2483"]
[PlyCount "50"]
[EventDate "2021.??.??"]
[EventType "blitz"]

1. e4 e5 2. Nf3 d5 3. Nxe5 Bd6 4. d4 dxe4 5. Bf4 Nf6 6. Bc4 O-O 7. O-O Nbd7 8.
Nc3 Qe7 9. Nxd7 Bxd7 10. Bxd6 Qxd6 11. Re1 Ng4 12. g3 Qh6 13. h4 e3 14. f3 Nf2
15. Qe2 Rae8 16. Nd1 Nxd1 17. Raxd1 g5 18. hxg5 Qxg5 19. Qg2 Kh8 20. f4 Qf6 21.
Rd3 Rg8 22. Rdxe3 Rxe3 23. Rxe3 Qxd4 24. Qe2 Rxg3+ 25. Kh2 Rxe3 {Normal} 0-1

[Event "Rated Blitz game"]
[Site "?"]
[Date "2021.10.24"]
[Round "?"]
[White "HantaiSankak"]
[Black "larsental3"]
[Result "0-1"]
[WhiteElo "2313"]
[BlackElo "2401"]
[PlyCount "36"]
[EventDate "2021.??.??"]
[EventType "blitz"]

1. e4 e5 2. Nf3 d5 3. Nxe5 Bd6 4. d4 dxe4 5. Bc4 Bxe5 6. Qh5 Qe7 7. dxe5 Be6 8.
Bg5 Qb4+ 9. Nc3 Qxc4 10. O-O-O Nc6 11. Rhe1 Nge7 12. Rxe4 Qc5 13. Be3 g6 14.
Qe2 Qa5 15. f4 Nb4 16. a3 Nbd5 17. Ra4 Nxc3 18. bxc3 Qxa4 {Normal} 0-1

[Event "Rated Blitz tournament N4srlers"]
[Site "?"]
[Date "2021.10.24"]
[Round "?"]
[White "VadimCernov"]
[Black "MeneerMandje"]
[Result "1/2-1/2"]
[WhiteElo "2671"]
[BlackElo "2712"]
[PlyCount "31"]
[EventDate "2021.??.??"]
[EventType "blitz"]

1. e4 e5 2. Nf3 d5 3. Nxe5 Bd6 4. d4 dxe4 5. Bc4 Bxe5 6. Qh5 Qe7 7. Qxe5 Qxe5
8. dxe5 Ne7 9. Nc3 Bf5 10. Bf4 Nbc6 11. O-O-O Ng6 12. Bg3 Ngxe5 13. Bb3 O-O 14.
Rhe1 Rad8 15. Rxd8 Rxd8 16. Nxe4 {Normal} 1/2-1/2

[Event "Rated Blitz game"]
[Site "?"]
[Date "2021.10.24"]
[Round "?"]
[White "DaVy_JoneSS-1703"]
[Black "Fantastic_power06"]
[Result "0-1"]
[WhiteElo "2613"]
[BlackElo "2807"]
[PlyCount "84"]
[EventDate "2021.??.??"]
[EventType "blitz"]

1. e4 e5 2. Nf3 d5 3. exd5 e4 4. Qe2 Nf6 5. d3 Qxd5 6. Nbd2 Nc6 7. Nxe4 Be6 8.
Nxf6+ gxf6 9. Qe4 Qh5 10. Bf4 O-O-O 11. O-O-O Qa5 12. a3 Bc5 13. Bd2 Qb6 14.
Bc3 Rhe8 15. Qxh7 Bxf2 16. d4 Bd5 17. Qf5+ Kb8 18. Bd3 Bxf3 19. Qxf3 Bxd4 20.
Bxd4 Nxd4 21. Qf1 Qc5 22. Kb1 Rd6 23. c3 Nb3 24. Re1 Red8 25. Rd1 a5 26. Kc2 a4
27. h4 Qe3 28. Rh3 Qc5 29. h5 Nd4+ 30. Kb1 Nf5 31. Qxf5 Qxf5 32. Bxf5 Rxd1+ 33.
Ka2 Rf1 34. Bc2 Rd2 35. Bxa4 Rff2 36. Kb3 Rxb2+ 37. Kc4 Rxg2 38. h6 Rh2 39. Bd7
Rxh3 40. Bxh3 Rh2 41. h7 Rxh3 42. h8=Q+ Rxh8 {Normal} 0-1

[Event "Rated Blitz game"]
[Site "?"]
[Date "2021.10.24"]
[Round "?"]
[White "tuprofedeajedrez"]
[Black "Betonschach1"]
[Result "1-0"]
[WhiteElo "2454"]
[BlackElo "2452"]
[PlyCount "151"]
[EventDate "2021.??.??"]
[EventType "blitz"]

1. e4 e5 2. Nf3 d5 3. Nxe5 dxe4 4. d4 Bd6 5. Nc4 Nf6 6. h3 O-O 7. Nxd6 cxd6 8.
Bg5 d5 9. Nc3 Be6 10. Qd2 Nbd7 11. Be2 Qb6 12. O-O h6 13. Be3 Rac8 14. Na4 Qc6
15. Nc5 b6 16. Nxe6 fxe6 17. c3 e5 18. Rad1 exd4 19. Bxd4 Rcd8 20. Qe3 Qe6 21.
Qg3 Kh7 22. Rde1 Nc5 23. b4 Ncd7 24. a4 Rde8 25. Ra1 Ne5 26. Bxe5 Qxe5 27. Qxe5
Rxe5 28. a5 Nd7 29. axb6 axb6 30. Ra7 Nf6 31. Rb7 Re6 32. c4 d4 33. Bd1 d3 34.
Bb3 Rd6 35. Rd1 Rc8 36. Re7 Kg6 37. Kf1 Rd7 38. Re5 Rd4 39. Ke1 Rdxc4 40. Bxc4
Rxc4 41. b5 Rc2 42. Re6 Re2+ 43. Kf1 Kf5 44. Rxb6 Nd5 45. Rb8 Nc3 46. Rf8+ Ke5
47. Ra1 Kd4 48. b6 Rb2 49. Rd8+ Kc4 50. Rc8+ Kb3 51. b7 Kc2 52. b8=Q Rxb8 53.
Rxb8 d2 54. Rc8 Kd3 55. Rxc3+ Kxc3 56. Ke2 g5 57. Rd1 e3 58. fxe3 Kc2 59. Rxd2+
Kc3 60. Rd6 Kc4 61. Rxh6 Kd5 62. Rg6 Ke5 63. Rxg5+ Kf6 64. Rg3 Kf5 65. Rf3+ Ke4
66. g4 Ke5 67. g5 Ke6 68. g6 Ke5 69. g7 Ke4 70. g8=Q Ke5 71. Qe8+ Kd6 72. Rf7
Kd5 73. Rd7+ Kc6 74. Qc8+ Kb6 75. Rb7+ Ka6 76. Qa8# {Normal} 1-0

[Event "Rated Blitz game"]
[Site "?"]
[Date "2021.10.24"]
[Round "?"]
[White "JohnnyDuck64"]
[Black "Larenim"]
[Result "1-0"]
[WhiteElo "2429"]
[BlackElo "2296"]
[PlyCount "105"]
[EventDate "2021.??.??"]
[EventType "blitz"]

1. e4 e5 2. Nf3 d5 3. Nxe5 Bd6 4. d4 dxe4 5. Nc4 Nf6 6. Bg5 c6 7. Be2 Be6 8.
Nc3 Bb4 9. O-O Bxc3 10. bxc3 Nbd7 11. Nd6+ Kf8 12. Nxe4 Qa5 13. Bxf6 Nxf6 14.
Nxf6 gxf6 15. Qd3 b5 16. Bf3 Bc4 17. Qf5 Bxf1 18. Qxf6 Rg8 19. Qd6+ Kg7 20.
Rxf1 Qxa2 21. Bxc6 Rad8 22. Qe5+ f6 23. Qe7+ Qf7 24. Qxf7+ Kxf7 25. Bxb5 Rg5
26. Bc6 Rc8 27. d5 Rxc6 28. dxc6 Rc5 29. Ra1 Rxc3 30. Rxa7+ Ke6 31. Rxh7 Rxc2
32. g3 Rxc6 33. Kg2 Kf5 34. Rd7 Rc4 35. Rd5+ Kg6 36. h3 Ra4 37. g4 Ra3 38. f3
Ra2+ 39. Kg3 Ra1 40. Rd6 Rg1+ 41. Kf4 Rh1 42. g5 Rxh3 43. Rxf6+ Kg7 44. Kg4 Rh1
45. f4 Rg1+ 46. Kf5 Re1 47. Rb6 Ra1 48. Rb7+ Kg8 49. g6 Ra5+ 50. Kf6 Ra6+ 51.
Kg5 Ra5+ 52. f5 Ra1 53. Rb8+ {Normal} 1-0

[Event "Rated Blitz game"]
[Site "?"]
[Date "2021.10.24"]
[Round "?"]
[White "MarkusMaischberger"]
[Black "Annali-annaliew1979"]
[Result "1-0"]
[WhiteElo "2588"]
[BlackElo "2429"]
[PlyCount "89"]
[EventDate "2021.??.??"]
[EventType "blitz"]

1. e4 e5 2. Nf3 d5 3. Nxe5 Qe7 4. d4 f6 5. Ng4 Nc6 6. c3 Qxe4+ 7. Ne3 Nge7 8.
Bd3 Qh4 9. g3 Qh3 10. Bf1 Qe6 11. Qe2 Bd7 12. Bg2 O-O-O 13. Nd2 h5 14. Nf3 g5
15. Bd2 h4 16. O-O-O h3 17. Bf1 Qf7 18. Kb1 g4 19. Ne1 Bh6 20. N3c2 Bf5 21.
Bxh6 Rxh6 22. Qd2 Rhh8 23. Bd3 Qg6 24. Bxf5+ Qxf5 25. Nd3 Ng6 26. Rhe1 Rhe8 27.
Re2 Re4 28. Rde1 Rde8 29. Nc5 Rxe2 30. Rxe2 Re4 31. Nxe4 dxe4 32. Qe3 Qf3 33.
Qxe4 f5 34. Qxf3 gxf3 35. Re3 f4 36. Rxf3 fxg3 37. Rxg3 Nf4 38. Ne3 Ne7 39. Rf3
Neg6 40. Kc2 c6 41. Kd2 Kd7 42. Ng4 Ke6 43. Ne5 Nxe5 44. Rxf4 Nc4+ 45. Kc2 {
Normal} 1-0

[Event "Rated Blitz game"]
[Site "?"]
[Date "2021.10.24"]
[Round "?"]
[White "peaudepaillator"]
[Black "Dzon_Vejn"]
[Result "1-0"]
[WhiteElo "2594"]
[BlackElo "2519"]
[PlyCount "135"]
[EventDate "2021.??.??"]
[EventType "blitz"]

1. e4 e5 2. Nf3 d5 3. exd5 e4 4. Qe2 Nf6 5. d3 Qxd5 6. Nbd2 Bb4 7. c3 Be7 8.
dxe4 Qh5 9. Qb5+ Qxb5 10. Bxb5+ c6 11. Bd3 O-O 12. O-O Nbd7 13. Bc2 Re8 14. Re1
a5 15. Nf1 Nc5 16. Ng3 h6 17. h3 b6 18. Bf4 Ne6 19. Be3 Bc5 20. Nd4 Bb7 21.
Nxe6 Bxe3 22. Nc7 Bc5 23. Nxa8 Rxa8 24. Rad1 Re8 25. Nf5 Ba6 26. Nd4 Bb7 27. f3
Nh5 28. Kh2 g6 29. g3 Bd6 30. f4 g5 31. e5 Bc5 32. fxg5 hxg5 33. Nf5 Ba6 34.
Bb3 Bf2 35. Rf1 Bxf1 36. Rxf1 Bc5 37. Nd6 Rf8 38. Nxf7 Kg7 39. e6 Bd6 40. Rf3
b5 41. Kg2 Nxg3 42. Rxg3 Bxg3 43. Kxg3 c5 44. Bd5 Kf6 45. Kg4 Rb8 46. Nxg5 c4
47. h4 a4 48. a3 Rd8 49. Bc6 Rd2 50. Bxb5 Rxb2 51. Bxc4 Rc2 52. Bb5 Rxc3 53.
Bxa4 Rxa3 54. Bd7 Rc3 55. Kh5 Rc5 56. Kh6 Rc3 57. h5 Rh3 58. Nh7+ Ke7 59. Ng5
Rh1 60. Nf7 Rg1 61. Ne5 Rf1 62. Ng6+ Kf6 63. Bc8 Rc1 64. e7 Rc7 65. Bg4 Rxe7
66. Nxe7 Kxe7 67. Kg7 Ke8 68. h6 {Time forfeit} 1-0

[Event "Rated Blitz tournament N4srlers"]
[Site "?"]
[Date "2021.10.24"]
[Round "?"]
[White "hectorluis2019"]
[Black "DOOGE228"]
[Result "1-0"]
[WhiteElo "2491"]
[BlackElo "2434"]
[PlyCount "63"]
[EventDate "2021.??.??"]
[EventType "blitz"]

1. e4 e5 2. Nf3 d5 3. d3 dxe4 4. dxe4 Qxd1+ 5. Kxd1 Nf6 6. Nc3 Bb4 7. Bd3 Bxc3
8. bxc3 Nc6 9. Ke2 Bg4 10. h3 Bxf3+ 11. Kxf3 O-O-O 12. g4 Nd7 13. Be3 Nf8 14.
Rab1 Ne6 15. h4 Rde8 16. Bc4 Ncd8 17. g5 b6 18. Rhd1 Rhf8 19. Kg3 f6 20. gxf6
Rxf6 21. a4 Nf4 22. a5 Nde6 23. axb6 axb6 24. Ra1 Kb7 25. Bd5+ c6 26. Bb3 Re7
27. Bc4 Nc5 28. Bxc5 bxc5 29. Rdb1+ Kc7 30. Ra7+ Kd6 31. Rd1+ Nd5 32. Rxe7 {
Normal} 1-0

[Event "Rated Blitz game"]
[Site "?"]
[Date "2021.10.24"]
[Round "?"]
[White "voliaclassic83"]
[Black "Balamut4yk"]
[Result "0-1"]
[WhiteElo "2426"]
[BlackElo "2459"]
[PlyCount "76"]
[EventDate "2021.??.??"]
[EventType "blitz"]

1. e4 e5 2. Nf3 d5 3. exd5 e4 4. Qe2 Nf6 5. d3 Qxd5 6. Nc3 Bb4 7. Bd2 Bxc3 8.
Bxc3 O-O 9. dxe4 Nxe4 10. Rd1 Qf5 11. Nd4 Qg6 12. Rd3 Nd7 13. g3 Ndf6 14. Bg2
Bg4 15. f3 Nxc3 16. Rxc3 c5 17. Nb3 Rae8 18. fxg4 Rxe2+ 19. Kxe2 Qxg4+ 20. Kf2
b6 21. Re1 h5 22. h3 Qa4 23. a3 Re8 24. Rxe8+ Qxe8 25. Re3 Qd7 26. Ke2 h4 27.
g4 Qd6 28. Nd2 Qh2 29. Kf2 Nd5 30. Re8+ Kh7 31. Nf1 Qf4+ 32. Kg1 Nf6 33. Re2
Qd4+ 34. Kh1 Qxb2 35. g5 Nh5 36. Be4+ g6 37. Rf2 Kg7 38. Ne3 Ng3+ {Normal} 0-1

[Event "Rated Blitz tournament 7GjiOoWE"]
[Site "?"]
[Date "2021.10.24"]
[Round "?"]
[White "izen_askiz"]
[Black "Lur15"]
[Result "0-1"]
[WhiteElo "2201"]
[BlackElo "2420"]
[PlyCount "56"]
[EventDate "2021.??.??"]
[EventType "blitz"]

1. e4 e5 2. Nf3 d5 3. d4 dxe4 4. Nxe5 Bd6 5. Bf4 Nf6 6. Bg3 Nc6 7. Nc3 O-O 8.
Bb5 Bd7 9. Nxd7 Nxd7 10. Nxe4 Re8 11. Qd3 f5 12. Bc4+ Kh8 13. f3 Nb6 14. Bb3
fxe4 15. fxe4 Nxd4 16. O-O-O Nxb3+ 17. axb3 Qg5+ 18. Kb1 Rad8 19. Qe2 Nd5 20.
Rhe1 Nf4 21. Qe3 Ne6 22. Qxa7 Ra8 23. Qxb7 Qa5 24. c4 Nc5 25. Qb5 Qa2+ 26. Kc2
Reb8 27. Bxd6 Rxb5 28. Bxc5 Qxb3+ {Time forfeit} 0-1

[Event "Rated Blitz game"]
[Site "?"]
[Date "2021.10.24"]
[Round "?"]
[White "Kanon1"]
[Black "Larenim"]
[Result "0-1"]
[WhiteElo "2442"]
[BlackElo "2307"]
[PlyCount "22"]
[EventDate "2021.??.??"]
[EventType "blitz"]

1. e4 e5 2. Nf3 d5 3. exd5 e4 4. Qe2 Nf6 5. Nc3 Bb4 6. Nxe4 O-O 7. Nxf6+ Qxf6
8. Kd1 Bg4 9. h3 Bh5 10. g4 Bg6 11. Qe5 Qxf3+ {Time forfeit} 0-1

[Event "Rated Blitz game"]
[Site "?"]
[Date "2021.10.24"]
[Round "?"]
[White "Kretainis"]
[Black "Annali-annaliew1979"]
[Result "0-1"]
[WhiteElo "2506"]
[BlackElo "2446"]
[PlyCount "26"]
[EventDate "2021.??.??"]
[EventType "blitz"]

1. e4 e5 2. Nf3 d5 3. exd5 e4 4. Qe2 f5 5. d3 Nf6 6. dxe4 fxe4 7. Nc3 Bb4 8.
Ng5 Bxc3+ 9. bxc3 O-O 10. c4 c6 11. Bb2 h6 12. Bxf6 Qxf6 13. Rd1 Qxg5 {Normal}
0-1

[Event "Rated Blitz game"]
[Site "?"]
[Date "2021.10.24"]
[Round "?"]
[White "alchemikal69"]
[Black "sillierchess"]
[Result "0-1"]
[WhiteElo "2427"]
[BlackElo "2450"]
[PlyCount "106"]
[EventDate "2021.??.??"]
[EventType "blitz"]

1. e4 e5 2. Nf3 d5 3. exd5 Bd6 4. Nc3 Nf6 5. d4 e4 6. Ne5 O-O 7. Be2 Re8 8. Bf4
Nbd7 9. Nxd7 Bxf4 10. Nxf6+ Qxf6 11. g3 e3 12. gxf4 exf2+ 13. Kxf2 Qh4+ 14. Kg1
Qxf4 15. Qd3 Re3 16. Qd2 Rg3+ 17. hxg3 Qxd2 18. Bd3 h6 19. Rh4 Bd7 20. Rf1 Re8
21. Rhf4 Re1 22. Rxf7 Rxf1+ 23. Rxf1 Qe3+ 24. Kg2 Qxd4 25. Bg6 b5 26. Rf4 Qd2+
27. Rf2 Qg5 28. Bf7+ Kh7 29. Be6 b4 30. Bxd7 bxc3 31. Bf5+ Kg8 32. Be6+ Kh7 33.
bxc3 h5 34. Rf5 Qd2+ 35. Kh3 Qxc3 36. Rxh5+ Kg6 37. Rf5 Qxc2 38. Rf3 Qc4 39.
Bf5+ Kh6 40. Be6 Qxa2 41. Rf8 Qc4 42. Ra8 a6 43. Ra7 Kg5 44. Ra8 Kf6 45. Rf8+
Ke5 46. Rf7 g6 47. Rg7 Kf6 48. Rf7+ Kg5 49. Rf4 Qc5 50. Rg4+ Kf6 51. Rf4+ Kg7
52. Rf7+ Kh6 53. Rd7 a5 {Time forfeit} 0-1

[Event "Rated Blitz game"]
[Site "?"]
[Date "2021.10.24"]
[Round "?"]
[White "Rookie1243"]
[Black "SerialDrinker"]
[Result "1-0"]
[WhiteElo "2423"]
[BlackElo "2312"]
[PlyCount "123"]
[EventDate "2021.??.??"]
[EventType "blitz"]

1. e4 e5 2. Nf3 d5 3. exd5 e4 4. Qe2 Nf6 5. d3 Be7 6. dxe4 O-O 7. Nc3 Bb4 8.
Bg5 h6 9. Bh4 g5 10. Bg3 c6 11. O-O-O Qa5 12. Qc4 Bxc3 13. bxc3 cxd5 14. exd5
Bf5 15. Bd3 Bxd3 16. Rxd3 Nbd7 17. Qb3 Nc5 18. Qb2 Nxd3+ 19. cxd3 Nxd5 20. c4
Qc3+ 21. Qxc3 Nxc3 22. Kb2 Na4+ 23. Kc2 Rac8 24. Rb1 Nc5 25. Bd6 Rfe8 26. Bxc5
Rxc5 27. Kd2 b6 28. Rc1 Ra5 29. Rc2 f6 30. Nd4 Kf7 31. g4 Ra3 32. Nb5 Ra5 33.
Nd6+ Ke7 34. Nxe8 Kxe8 35. d4 Kd7 36. Rb2 Kd6 37. Ke3 Ra3+ 38. Ke4 Rh3 39. f3
h5 40. gxh5 Rh4+ 41. Ke3 Rxh5 42. a4 Rh4 43. a5 g4 44. fxg4 Rxg4 45. axb6 axb6
46. Rxb6+ Ke7 47. c5 Rg1 48. d5 Rh1 49. Rb7+ Ke8 50. c6 Rc1 51. Rh7 Kf8 52. Ke4
Kg8 53. Rd7 Re1+ 54. Kf5 Rf1+ 55. Ke6 Re1+ 56. Kxf6 Kh8 57. c7 Rf1+ 58. Ke6
Re1+ 59. Kd6 Rc1 60. Rd8+ Kg7 61. c8=Q Rf1 62. Qd7+ {Time forfeit} 1-0